Bezprizorní děti - fenomén moderního Ruska

Sociálno-ekonomické a politické udalosti, ktoré prinášajú celý rad negatívnych javov ovplyvňujúcich život spoločnosti. Analýza problémov opustených detí bez domova (deti ulice) v súčasnom, modernom Rusku.

Salvato in:
Dettagli Bibliografici
Autore principale: Iljuk, Boris
Natura: Capitolo di libro
Lingua:ceco
Soggetti:
Tags: Aggiungi Tag
Nessun Tag, puoi essere il primo ad aggiungerne!!

MARC

LEADER 00000naa a2200000 4500
001 0166340
005 20221020082618.7
041 0 |a cze 
044 |a CZ 
245 1 0 |a Bezprizorní děti - fenomén moderního Ruska  |c Boris Iljuk 
520 |a Sociálno-ekonomické a politické udalosti, ktoré prinášajú celý rad negatívnych javov ovplyvňujúcich život spoločnosti. Analýza problémov opustených detí bez domova (deti ulice) v súčasnom, modernom Rusku. 
610 2 0 |a Rusko 
610 2 0 |a politika sociálna 
610 2 0 |a politika rodinná 
610 2 0 |a problémy spoločenské 
610 2 0 |a situácia sociálna 
610 2 0 |a ľudia bez domova 
610 2 0 |a deti 
100 1 |a Iljuk, Boris